| 000 | 00599nam a22002177a 4500 | ||
|---|---|---|---|
| 003 | OSt | ||
| 005 | 20210419085822.0 | ||
| 008 | 210227s1979 ||||| |||| 00| 0 eng d | ||
| 020 | _a0345278380 | ||
| 040 |
_aeng _beng _cDLC |
||
| 041 | _aeng | ||
| 080 |
_a821.111 _bB-96 |
||
| 100 |
_9911 _aBurroughs, Rice. Edgar |
||
| 245 |
_aThe Chessmen of Mars _c/ by: Ballantine Books |
||
| 260 |
_aNew York _bBallantine Books _c1979 |
||
| 300 | _a220 p. | ||
| 365 | _b1.95 usd | ||
| 650 | 0 |
_9247 _aEnglish literature |
|
| 653 | _aინგლისური ლიტერატურა | ||
| 942 |
_2udc _cBK |
||
| 999 |
_c1786 _d1786 |
||